Teams that Ederson Has Played For - Statistics

General Stats
  • This quiz has been taken 165 times
    18 since last reset
  • The average score is 4 of 7
Answer Stats
Year(s) Apps Team % Correct
2017-2025 276 Manchester City
100%
2015-2017 37 Benfica
76%
2017- 30 Brazil
76%
2025- 14 Fenerbahçe
65%
2012-2015 37 Rio Ave
24%
2015 4 Benfica B
12%
2011-2012 29 Ribeirão
0%
No matching quizzes found
Score Distribution
Percent of People with Each Score
Percentile by Number Answered
Your Score History
You have not taken this quiz since the last reset